| 000 | 00481nam a2200193 a 4500 | ||
|---|---|---|---|
| 001 | 5403 | ||
| 003 | CO-ViMGA | ||
| 008 | 141112s2004 ck r 000 u spa d | ||
| 020 | _a958300183x | ||
| 040 |
_aCO-ViMGA _bspa _cCO-ViMGA |
||
| 082 | 0 | 4 | _aCo863.44 R651a |
| 100 | 1 |
_aRomán, Celso _92364 |
|
| 245 | 1 | 0 | _aElias Hoisoi |
| 260 |
_aSantafé de Bogotá : _bPanAméricana, _c1995 |
||
| 300 | _a144 p : il | ||
| 490 | _aCorcel | ||
| 650 | 1 | 4 | _aCUENTOS COLOMBIANOS |
| 942 |
_2ddc _cBK |
||
| 999 |
_c17393 _d17393 |
||